000 00633nam a22002177a 4500
003 UA-OsUOA
001 41773
007 ta
008 20081007b un ||||| |||| 00| 0 ukr d
090 _a281.96/08
_bД76
942 _cBK
040 _aUA-OsUOA
_bukr
_cUA-OsUOA
_dUA-OsUOA
245 _aДругий всеукраїнський православний церковний собор УАПЦ
_bДокументи і матеріали.
300 _a698 с.
955 _a4
041 _aukr
080 _a281.96/08
260 _aК.
_c2007
650 7 _a08 Видання. Колективні праці
_2UDC
999 _c440273
_d440273